Công trình nghiên cứu kí sinh trùng ở Việt Nam
محفوظ في:
| المؤلف الرئيسي: | |
|---|---|
| التنسيق: | كتاب |
| اللغة: | Undetermined |
| منشور في: |
Hà Nội
KHKT
1978
|
| الموضوعات: | |
| الوسوم: |
إضافة وسم
لا توجد وسوم, كن أول من يضع وسما على هذه التسجيلة!
|
| Thư viện lưu trữ: | Trung tâm Học liệu Trường Đại học Cần Thơ |
|---|
| LEADER | 00654nam a2200181Ia 4500 | ||
|---|---|---|---|
| 001 | CTU_13989 | ||
| 008 | 210402s9999 xx 000 0 und d | ||
| 082 | |a 578.65 | ||
| 082 | |b Th103/T2 | ||
| 100 | |a Đỗ Dương Thái | ||
| 245 | 0 | |a Công trình nghiên cứu kí sinh trùng ở Việt Nam | |
| 245 | 0 | |c Đỗ Dương Thái, Trịnh Văn Thịnh | |
| 260 | |a Hà Nội | ||
| 260 | |b KHKT | ||
| 260 | |c 1978 | ||
| 650 | |a veterinary helmintology,veterinary parasitology - vietnam | ||
| 904 | |i Mai chuyển số PL từ 616.96 thành 578.65 chưa in nhãn | ||
| 980 | |a Trung tâm Học liệu Trường Đại học Cần Thơ | ||